Statistics for Top Twenty Wealthiest Nations:

Click here to take the quiz!

General Stats

  • This quiz has been taken 75 times
  • The average score is 18 of 20

Answer Stats

HintAnswer% Correct
NACanada / 106,342
100%
OAustralia / 191,453
99%
NAUSA / 61,667
99%
ENorway / 80,054
97%
EItaly / 78,239
96%
EUK / 97,169
94%
AJapan / 103,861
93%
ENetherlands / 114,935
93%
EFrance / 106,827
92%
ONew Zealand / 98,613
92%
ESpain / 87,188
92%
ESwitzerland / 183,453
90%
EDenmark / 60,999
89%
EBelgium / 163,429
86%
EAustria / 70,074
85%
EIreland / 72,473
83%
AS. Korea / 65,463
83%
ASingapore / 91,656
82%
ATaiwan / 78,177
66%
AIsrael / 54,966
51%

Score Distribution

Percentile by Number Answered

Percent of People with Each Score

Your Score History

You have not taken this quiz